Communications Skills In English For Polytechnics: (Record no. 195816)

MARC details
000 -LEADER
fixed length control field 00735nam a22001937a 4500
005 - DATE AND TIME OF LATEST TRANSACTION
control field 20230503124112.0
010 ## - LCCN (DPL NO)
LC control number ENG-136757
020 ## - INTERNATIONAL STANDARD BOOK NUMBER
International Standard Book Number 9788125059790
Terms of availability 85.00
035 ## - SYSTEM CONTROL NUMBER
System control number EN-120289
037 ## - SOURCE OF ACQUISITION
Source of stock number/acquisition DBAD/PUB
082 ## - DEWEY DECIMAL CLASSIFICATION NUMBER
Classification number 485
245 ## - TITLE STATEMENT
Title Communications Skills In English For Polytechnics:
Remainder of title National Institute Of Technical Teachers Training And Research ,Chennai
250 ## - EDITION STATEMENT
Edition statement First
260 ## - PUBLICATION, DISTRIBUTION, ETC. (IMPRINT)
Place of publication, distribution, etc Hyderabad
Name of publisher, distributor, etc Orient Blackswan Private Limited
Date of publication, distribution, etc 2015
270 ## - ADDRESS
Address 3-6752 Himayatnagar
City Hyderabad
Postal code 500029
Electronic mail address hyderabad@orientblackswan.com
300 ## - PHYSICAL DESCRIPTION
Extent x,126p.;
Dimensions 24m(pbk)
500 ## - GENERAL NOTE
General note Prescribed For All I/II Semester Diploma Students Of Polytechnics In The State Of Karnataka
942 ## - ADDED ENTRY ELEMENTS (KOHA)
Source of classification or shelving scheme Dewey Decimal Classification
Item type English Books
Classification part 485
Call number suffix COM
Holdings
Withdrawn status Lost status Not for loan Collection code Home library Current library Date acquired Source of acquisition Cost, normal purchase price Full call number Barcode Copy number Cost, replacement price Koha item type
      Non-fiction Shahdara Branch Shahdara Branch 03/05/2023 DBAD/PUB 85.00 485 COM EN-120289 1 85.00 English Books

© Delhi Public Library
Hit Counter
free hit counter